| 000 | 00616nam a22001937a 4500 | ||
|---|---|---|---|
| 005 | 20251108164320.0 | ||
| 008 | 250721s2007 xx 000 0 ara d | ||
| 082 | 1 | 4 | _aط/415.2/مار |
| 100 | 1 | _aمارديني، عبد الرحيم | |
| 245 | 1 | 0 | _aالصرف الميسر : بحوث علم الصرف في اللغة العربية / |
| 264 | 1 |
_aدمشق : _bدار المحبة، _c2007. |
|
| 300 | _a194ص. | ||
| 650 | 1 | 7 | _aقواعد اللغه |
| 650 | 1 | 7 | _aعلم الصرف |
| 650 | 1 | 7 | _aاللغه العربيه |
| 653 | _aناشاون كبار (15-18) سنه | ||
| 942 |
_2ddc _cBK |
||
| 999 |
_c9140 _d9140 |
||